| 000 | 00557nam a2200181 4500 | ||
|---|---|---|---|
| 003 | LK-CoDNM | ||
| 005 | 20231221141954.0 | ||
| 008 | 231221b |||||||| |||| 00| 0 eng d | ||
| 020 | _a9786245710300 | ||
| 040 |
_aLK-CoDNM _dLK-CoDNM _eLK-CoDNM |
||
| 041 | _asin | ||
| 080 |
_aX8C3(යොවුන්) _bසමර |
||
| 100 | _aසමරවික්රම,දිනේෂ් ගුණතිලක | ||
| 245 | _aසක්වළ චක්රය | ||
| 260 |
_aColombo _bDayawansa Jayakodi and Company _c2022 |
||
| 300 | _a288p.,21cm | ||
| 942 |
_n0 _cBK |
||
| 999 |
_c144233 _d144233 |
||